Cenotaph Lyrics-Ghost - Statistics

General Stats
  • This quiz has been taken 21 times
  • The average score is 162 of 184
Answer Stats
Answer % Correct
And
100%
At
100%
city
100%
colour
100%
connects
100%
heart
100%
I
100%
In
100%
in
100%
into
100%
it
100%
mountain
100%
of
100%
the
100%
The
100%
to
100%
To
100%
top
100%
where
100%
be
91%
explodes
91%
fire
91%
me
91%
night
91%
ocean
91%
Right
91%
sky
91%
there
91%
with
91%
always
82%
Are
82%
are
82%
ashes
82%
blowing
82%
Blowing
82%
go
82%
grave
82%
Like
82%
memories
82%
next
82%
Next
82%
Riding
82%
Through
82%
through
82%
tips
82%
used
82%
Wherever
82%
wind
82%
you
82%
You
82%
You're
82%
Buried
73%
Burning
73%
dips
73%
storms
73%
actually
64%
am
64%
feels
64%
heat
64%
living
64%
moment
64%
On
64%
Reach
64%
sensations
64%
Devour
55%
glows
45%
No matching quizzes found
Score Distribution
Percent of People with Each Score
Percentile by Number Answered
Your Score History
You have not taken this quiz